Statistiques concernant Générique L'île des défis extrêmes - Paroles

Cliquez ici pour prendre le quiz!

Statistiques générales

  • Ce quiz a été pris 71 fois
  • Le résultat moyen est 11 sur 13

Statistiques - réponses

Paroles% Correct
Je vais très bien mes chers {parents}
100%
Je pense à vous {souvent}
97%
Je vais devenir {célèbre} !
92%
Oui je serais, oui je serais, oui je serais {célèbre}
92%
Oui je serais, oui je serais, oui je serais {célèbre}
92%
Vous vous demandez ce que je peux {devenir}
92%
Et bien voilà que le {grand} {jour} arrive
90%
Et je deviendrais {célèbre} !
90%
Na na na na na na na na na na na {na}
89%
Faites vos bagages car je suis déjà {gagnant}
81%
J'y {arriverais}
77%
Tout à prouver et rien pour m'{arrêter}
77%
Je me rapproche du {firmament}
68%

Distribution des résultats

Percentile par nombre de réponses

% des personnes avec chaque résultat

Votre développement - résultats

Vous n’avez pas pris ce quiz